Les 100 meilleurs joueurs de EA sport FC 25 - Statistiques

Statistiques générales
  • Ce quiz a été pris 838 fois
  • Le résultat moyen est 66 sur 92
Statistiques - réponses
Rang Note Poste Club Joueur % Correct
1 91 BU Real Madrid Kylian Mbappé
99%
- 91 BU Manchester City Erling Haaland
98%
- 91 MDC Manchester City Rodri
96%
- 90 AG Real Madrid Vinicius Jr.
96%
- 89 G Paris Saint-Germain Gianluigi Donnarumma
95%
4 90 MOC Real Madrid Jude Bellingham
95%
- 90 BU Bayern Munich Harry Kane
94%
- 88 AD Inter Miami Lionel Messi
94%
- 89 G Real Madrid Thibaut Courtois
94%
- 89 AD Liverpool Mohamed Salah
93%
- 87 G Aston Villa Emiliano Martínez
92%
- 90 MC Manchester City Kevin De Bruyne
92%
- 89 BU Inter Milan Lautaro Martínez
92%
- 89 DC Liverpool Virgil Van Dijk
92%
- 89 G Liverpool Alisson
91%
- 88 BU Atlético Madrid Antoine Griezmann
91%
46 86 BU Al Nassr Cristiano Ronaldo
89%
- 89 G FC Barcelone Marc-André Ter Stegen
89%
- 88 BU FC Barcelone Robert Lewandowski
89%
- 88 G Manchester City Ederson
88%
- 87 AG Santos Neymar Jr
88%
- 87 AD Arsenal Bukayo Saka
87%
- 88 DC Real Madrid Antonio Rudiger
86%
- 88 G Atlético Madrid Jan Oblak
86%
16 88 AD Manchester City Phil Foden
86%
8 89 MC Arsenal Martin Ødegaard
85%
28 87 DC Arsenal William Saliba
85%
- 86 AD Paris Saint-Germain Ousmane Dembélé
84%
- 88 DC Manchester City Rúben Dias
84%
- 88 MOC Bayer Leverkusen Florian Wirtz
83%
- 88 MC Real Madrid Frederico Valverde
83%
- 87 DC Paris Saint-Germain Marquinhos
83%
- 86 MC FC Barcelone Pedri
83%
- 86 MC Real Madrid Luka Modrić
82%
- 87 G AC Milan Mike Maignan
82%
- 88 MC Manchester City Bernardo Silva
81%
- 87 MDC Arsenal Declan Rice
81%
- 87 DG AC Milan Theo Hernández
81%
- 87 BU Tottenham Heung Min Son
80%
- 87 MOC Manchester United Bruno Fernandes
79%
- 86 AD Real Madrid Rodrygo
79%
- 87 MOC Bayern Munich Jamal Musiala
78%
- 87 BU Galatasaray Victor Osimhen
78%
- 86 BU Al Ittihad Karim Benzema
77%
- 87 G Inter Milan Yann Sommer
77%
- 86 AG AC Milan Rafael Leão
76%
- 87 MC FC Barcelone Frenkie de Jong
76%
- 86 G Bayern Munich Manuel Neuer
76%
- 87 MOC AS Roma Paulo Dybala
76%
- 86 DD Liverpool Trent Alexander-Arnold
76%
- 86 DD Real Madrid Dani Carvajal
75%
- 86 DC Arsenal Gabriel
74%
- 86 DD Bayern Munich Joshua Kimmich
72%
- 88 G Borussia Dortmund Gregor Kobel
71%
- 85 MDC Real Madrid Aurélien Tchouaméni
69%
- 87 MC Inter Milan Nicolò Barella
69%
- 85 MC Paris Saint-Germain Vitinha
69%
- 85 DD FC Barcelone Jules Koundé
68%
- 87 DC Inter Milan Alessandro Bastoni
67%
- 85 BU Newcastle Alexander Isak
67%
- 85 DC Real Madrid Éder Militão
65%
- 86 DC Bayer Leverkusen Jonathan Tah
63%
- 85 MDC Al Ittihad N'Golo Kanté
63%
- 86 MC Liverpool Alexis Mac Allister
62%
- 86 G Athletic Bilbao Unai Simón
62%
- 85 DC Real Madrid David Alaba
61%
- 86 MDC Bayer Leverkusen Granit Xhaka
60%
- 85 MG Athletic Bilbao Nico Williams
59%
- 85 DC FC Barcelone Ronald Araujo
59%
- 86 MG Bayer Leverkusen Alejandro Grimaldo
58%
- 85 DG Liverpool Andrew Robertson
58%
- 87 MC Manchester City İlkay Gündoğan
58%
- 86 DG Al Hilal João Cancelo
56%
- 85 MD Bayern Munich Leroy Sané
56%
- 85 MD Chelsea Cole Palmer
54%
- 85 DC Manchester City John Stones
49%
66 85 AG Paris Saint-Germain Khvicha Kvaratskhelia
49%
- 86 DC Juventus Bremer
48%
- 85 BU Aston Villa Ollie Watkins
48%
- 85 BU Liverpool Diogo Jota
47%
- 85 MOC Borussia Dortmund Julian Brandt
47%
- 85 MDC Newcastle Sandro Tonali
47%
- 85 MOC Totthenam James Maddison
46%
- 85 MDC Newcastle Bruno Guimarães
45%
- 86 MDC Inter Milan Hakan Çalhanoğlu
44%
- 85 BU RB Leipzig Loïs Openda
44%
- 85 MD Al Ahli Riyad Mahrez
43%
- 85 DC Borussia Dortmund Nico Schlotterbeck
38%
- 85 G Valence Giorgi Mamardashvili
35%
- 85 MC Arsenal Mikel Merino
35%
- 85 MC Al Hilal Sergej Milinković-Savić
34%
- 85 MDC Bayern Munich Palhinha
23%
Aucun quiz correspondant
Distribution des résultats
% des personnes avec chaque résultat
Percentile par nombre de réponses
Votre historique - résultats
Vous n’avez pas pris ce quiz